000 00720cam a22002533a 4500
001 32653
003 PGUSA
005 20140828083716.0
008 100602s2010||||xxu|||||s|||||000 | eng d
040 _aPGUSA
_beng
042 _adc
050 4 _aQH
050 4 _aQL
100 1 _aDuellman, William Edward,
_d1930-
245 1 2 _aA Review of the Frogs of the Hyla bistincta Group
_h[electronic resource] /
_cWilliam Edward Duellman
260 _bProject Gutenberg,
_c2010
506 _aPublic domain in the USA.
516 _aElectronic text
653 _aAmphibians -- Central America
653 _aHyla
830 0 _aProject Gutenberg
_v32653
856 4 0 _uhttp://www.gutenberg.org/ebooks/32653
942 _cEB
999 _c261908
_d261908